000 00562nam a2200205Ia 4500
999 _c6261
_d6261
020 _a9781584350392
082 _a121 FOU-P
100 _aFoucault, Michel
245 0 _aPolitics of truth
260 _aLos Angeles
_bSemiotext
_c2007
300 _a195
440 _aSemiotext(E) foreign agents series
650 _aKant, Immanuel, 1724-1804
_vCriticism and interpretation
650 _aPolitical science
_vHistory
650 _aIdeology
_vHistory
650 _aCommunism and society
650 _aHermeneutics
700 _aLotringer, Sylvere
942 _cBK